Najpopularniejsze kanały FIFY - Youtube! - Statystyki

Ogólne statystyki
  • Ten quiz został rozwiązany 1 722 razy
  • Średni wynik to 16 z 27
Statystyki odpowiedzi
Subskrypcje Odpowiedź % Poprawnych
915K+ PLKD
97%
695K+ Jcob
86%
421K+ Koza Sport
85%
499K+ Dev
83%
474K+ Kamyk
82%
213K+ Lachu FIFA
81%
458K+ N3jxiom
78%
444K+ Vibe
78%
503K+ Junajted
76%
57K+ MexHD
70%
230K+ Alvin
68%
114K+ Bejott
64%
336K+ Adryan
59%
370K+ Kartomania
58%
85K+ xFlaShx
56%
244K+ Zwykły Kibic
56%
322K+ Urbix
53%
223K+ LisekHD
52%
46K+ Rokcia
52%
33K+ Błachu
48%
164K+ Davczo
45%
113K+ Kinetyk
38%
74K+ Koza Stream
38%
54K+ SkyDoom
38%
91K+ LeszekYT
33%
40K+ Tonras
33%
66K+ Matrom
27%
Nie znaleziono quizów pasujących do podanych kryteriów
Rozkład punktacji
Procent ludzi z każdym wynikiem
Percentyl według liczby udzielonych odpowiedzi
Twoja historia wyników
Nie rozwiązałeś tego quizu